La esencia del cristianismo/ (Registro nro. 41189)
[ vista simple ]
| 000 -LEADER | |
|---|---|
| fixed length control field | 01351nam a2200361 i 4500 |
| 001 - CONTROL NUMBER | |
| control field | 41189 |
| 003 - CONTROL NUMBER IDENTIFIER | |
| control field | Mx-PuUPA |
| 005 - DATE AND TIME OF LATEST TRANSACTION | |
| control field | 20250613093150.0 |
| 008 - FIXED-LENGTH DATA ELEMENTS--GENERAL INFORMATION | |
| fixed length control field | 140415s2013 sp gr 001 0 spa d |
| 017 ## - COPYRIGHT OR LEGAL DEPOSIT NUMBER | |
| Copyright or legal deposit number | M- 15874-2013 |
| 020 ## - INTERNATIONAL STANDARD BOOK NUMBER | |
| International Standard Book Number | 9788498794489 |
| 040 ## - CATALOGING SOURCE | |
| Transcribing agency | Mx-PuUPA |
| Original cataloging agency | Mx-PuUPA |
| Language of cataloging | spa |
| Modifying agency | Mx-PuUPA |
| Description conventions | rda |
| 041 1# - LANGUAGE CODE | |
| Language code of text/sound track or separate title | spa |
| Language code of original | ger |
| 100 1# - MAIN ENTRY--PERSONAL NAME | |
| Personal name | Feuerbach, Ludwig, |
| Dates associated with a name | 1804-1872 |
| Relator term | autor |
| 9 (RLIN) | 17185 |
| 240 14 - UNIFORM TITLE | |
| Uniform title | Das Wesen des Christentums. |
| Language of a work | Español |
| 245 13 - TITLE STATEMENT | |
| Title | La esencia del cristianismo/ |
| Statement of responsibility, etc. | Ludwig Feuerbach ; traducción de José L. Iglesias ; prólogo de Manuel Cabada Castro |
| 250 ## - EDITION STATEMENT | |
| Edition statement | Quinta edición |
| 264 #1 - PRODUCTION, PUBLICATION, DISTRIBUTION, MANUFACTURE, AND COPYRIGHT NOTICE | |
| Place of production, publication, distribution, manufacture | Madrid, España : |
| Name of producer, publisher, distributor, manufacturer | Editorial Trotta, |
| Date of production, publication, distribution, manufacture, or copyright notice | 2013 |
| 300 ## - PHYSICAL DESCRIPTION | |
| Extent | 398 páginas ; |
| Dimensions | 23 cm |
| 336 ## - CONTENT TYPE | |
| Fuente | rdacontent |
| Content type term | texto |
| Content type code | txt |
| 337 ## - MEDIA TYPE | |
| Source | rdamedia |
| Media type term | sin medio |
| Media type code | n |
| 338 ## - CARRIER TYPE | |
| Source | rdacarrier |
| Carrier type term | volumen |
| Carrier type code | nc |
| 650 #7 - SUBJECT ADDED ENTRY--TOPICAL TERM | |
| Source of heading or term | armarc |
| Topical term or geographic name entry element | Religión |
| General subdivision | Filosofía |
| 650 #7 - SUBJECT ADDED ENTRY--TOPICAL TERM | |
| Source of heading or term | armarc |
| Topical term or geographic name entry element | Cristianismo |
| General subdivision | Literatura controvertida |
| 650 #7 - SUBJECT ADDED ENTRY--TOPICAL TERM | |
| Source of heading or term | armarc |
| Topical term or geographic name entry element | Cristianismo |
| General subdivision | Esencia, genio, naturaleza |
| 700 1# - ADDED ENTRY--PERSONAL NAME | |
| Personal name | Iglesias, José L., |
| Relator term | traductor |
| 700 1# - ADDED ENTRY--PERSONAL NAME | |
| Personal name | Cabada Castro, Manuel, |
| Relator term | prologuista |
| 765 1# - ORIGINAL LANGUAGE ENTRY | |
| Main entry heading | Feuerbach, Ludwig |
| Title | Das Wesen des Christentums |
| 942 ## - ADDED ENTRY ELEMENTS (KOHA) | |
| Source of classification or shelving scheme | Dewey Decimal Classification |
| Koha item type | Libro |
| Classification part | 230 |
| Item part | F4218 |
| Withdrawn status | Lost status | Source of classification or shelving scheme | Damaged status | Not for loan | Collection code | Home library | Current library | Shelving location | Date acquired | Source of acquisition | Cost, normal purchase price | Total Checkouts | Full call number | Barcode | Date last seen | Copy number | Cost, replacement price | Price effective from | Koha item type |
|---|---|---|---|---|---|---|---|---|---|---|---|---|---|---|---|---|---|---|---|
| Dewey Decimal Classification | General | Biblioteca Karol Wojtyla | Biblioteca Karol Wojtyla | Sala general | 09/04/2025 | 25 | 1520.00 | 230 F4218 2013 | 105989 | 05/01/2026 | Ej.2 | 1520.00 | 09/04/2025 | Libro | |||||
| Dewey Decimal Classification | General | Biblioteca Karol Wojtyla | Biblioteca Karol Wojtyla | Sala general | 09/04/2025 | 25 | 1520.00 | 230 F4218 2013 | 105988 | 05/01/2026 | 1520.00 | 09/04/2025 | Libro |